000 00670cam a22002413a 4500
001 28416
003 PGUSA
005 20140828083620.0
008 090327s2009||||xxu|||||s|||||000 | eng d
040 _aPGUSA
_beng
042 _adc
050 4 _aBV
100 1 _aSimpson, A. B.
_q(Albert B.),
_d1843-1919
245 1 0 _aDays of Heaven Upon Earth
_h[electronic resource] /
_cA. B. Simpson
260 _bProject Gutenberg,
_c2009
506 _aPublic domain in the USA.
516 _aElectronic text
653 _aCalendars
653 _aDevotional exercises
830 0 _aProject Gutenberg
_v28416
856 4 0 _uhttp://www.gutenberg.org/ebooks/28416
942 _cEB
999 _c257671
_d257671